000 01798nam0a2200397 4500
001 RU\NLR\BIBL_A\022464099
005 20250627134834.0
010 _a5-7333-0466-9
_9999
035 _a(NLR Aleph) 022464099
090 _a13365213
_c13365213
100 _a20250219d2002 |||y0rusy50 ca
101 1 _arus
_ceng
102 _aRU
105 _ay z 001yy
181 0 _ai4
_baxxe
182 0 _an
200 1 _aЗапретный плод
_eэтика гуманизма
_fПол Куртц
_gперевод с английского: И. В. Кувакин
_gобщая редакция: д. ф. н., проф. В. А. Кувакин
203 _aТекст
_bвизуальный
_cнепосредственный
205 _aИзд. 2-е, испр.
210 _aМосква
_cРоссийское гуманистическое общество
_d2002
215 _a222 с.
_d22
225 1 _aБиблиотека журнала "Здравый смысл"
300 _aПер. изд.: Forbidden fruit / Paul Kurtz. Buffalo, 1991
320 _aБиблиогр. в примеч. в конце разд.
320 _aУказ.: с. 216-222
454 0 _12001#$aForbidden fruit$fPaul Kurtz
_1210##$aBuffalo$d1991
_1700#1$aKurtz$bP.$f1925-$gPaul
_tForbidden fruit
_aKurtz, Paul (1925-)
606 1 _aГуманизм
_xСоциальный аспект
_92274176
_3RU\NLR\AUTH\6601591620
606 1 _aСветское государство
_92306618
_3RU\NLR\AUTH\661380683
606 1 _aПрава человека
_xФилософские вопросы
_91719870
_3RU\NLR\AUTH\661064607
686 1 _aЮ703.25
686 1 _aС550.76
700 1 _aКуртц
_bП.
_f1925-
_gПол
942 _cBOOK
980 _aNB